000 00384nam a2200145 a 4500
001 2096
003 CDMR
005 20130116135224.0
008 130130s ||||||||||||||||||||||||||||d
040 _aCDMR
_bcat
_cCDMR
100 1 _aPlaja y Mateu, Antonio
_91557
245 1 3 _aLa información regional en los diarios de Barcelona
_cAntonio Plaja y Mateu
260 _aBarcelona
942 _cTSN
999 _c2096
_d2096